000 00658nam a2200241 i 4500
001 C2-0019031
003 PPAK
005 20190630221948.0
008 970202s1994 my a|||| ||||| | may d
020 _a9676528854
040 _aPPAK
_beng
_cPPAK
_erda
082 0 4 _a899.233
_223
090 0 0 _a899.233
_bALL
_dK
100 1 _aAllen, Constance,
_eauthor
245 1 0 _aNama saya Elmo
264 1 _aKuala Lumpur :
_bFajar Bakti ,
_c1994
300 _a[24 pages] :
_bcolour illustrations ;
_c19 cm
336 _2rdacontent
_atext
337 _2rdamedia
_aunmediated
338 _2rdacarrier
_avolume
650 1 0 _aChildren's stories, Malay
942 _ddc
_cB
999 _c4237
_d4237